| 000 -LEADER |
| fixed length control field |
02175cam a22004817a 4500 |
| 001 - CONTROL NUMBER |
| control field |
13913182 |
| 005 - DATE AND TIME OF LATEST TRANSACTION |
| control field |
20170123083104.0 |
| 008 - FIXED-LENGTH DATA ELEMENTS--GENERAL INFORMATION |
| fixed length control field |
050328s2004 enka e bc 000 0deng d |
| 010 ## - LIBRARY OF CONGRESS CONTROL NUMBER |
| LC control number |
2005297318 |
| 015 ## - NATIONAL BIBLIOGRAPHY NUMBER |
| Source |
bnb |
| National bibliography number |
GBA463934 |
| 016 7# - NATIONAL BIBLIOGRAPHIC AGENCY CONTROL NUMBER |
| Record control number |
012981837 |
| Source |
Uk |
| 020 ## - INTERNATIONAL STANDARD BOOK NUMBER |
| International Standard Book Number |
0856675970 (hbk.) |
| 020 ## - INTERNATIONAL STANDARD BOOK NUMBER |
| International Standard Book Number |
1882507134 (pbk.) |
| 035 ## - SYSTEM CONTROL NUMBER |
| System control number |
(OCoLC)ocm56646075 |
| 040 ## - CATALOGING SOURCE |
| Original cataloging agency |
UKM |
| Transcribing agency |
UKM |
| Modifying agency |
BWKUK |
| -- |
OCLCQ |
| -- |
DLC |
| 041 1# - LANGUAGE CODE |
| Language code of text/sound track or separate title |
eng |
| Language code of original |
ger |
| 042 ## - AUTHENTICATION CODE |
| Authentication code |
lccopycat |
| 043 ## - GEOGRAPHIC AREA CODE |
| Geographic area code |
e-gx--- |
| 050 00 - LIBRARY OF CONGRESS CALL NUMBER |
| Classification number |
N7193 |
| Item number |
.C5A41 2004 |
| 100 1# - MAIN ENTRY--PERSONAL NAME |
| Personal name |
Ronte, Dieter. |
| 245 10 - TITLE STATEMENT |
| Title |
Christo and Jeanne-Claude : |
| Remainder of title |
the Würth Museum collection / |
| Statement of responsibility, etc. |
essay, Dieter Ronte ; translated by Michael Foster ; curator, Sonja Klee. |
| 246 0# - VARYING FORM OF TITLE |
| Display text |
Subtitle on jacket: |
| Title proper/short title |
International projects |
| 260 ## - PUBLICATION, DISTRIBUTION, ETC. (IMPRINT) |
| Place of publication, distribution, etc. |
London : |
| Name of publisher, distributor, etc. |
Philip Wilson Publishers ; |
| Place of publication, distribution, etc. |
Washington, D.C. : |
| Name of publisher, distributor, etc. |
In Association with the Trust for Museum Exhibitions ; |
| Place of publication, distribution, etc. |
London : |
| Name of publisher, distributor, etc. |
Distributed in Europe by I.B. Tauris ; |
| Place of publication, distribution, etc. |
New York : |
| Name of publisher, distributor, etc. |
Distributed in the U.S. by Palgrave Macmillan, |
| Date of publication, distribution, etc. |
c2004. |
| 300 ## - PHYSICAL DESCRIPTION |
| Extent |
128 p. : |
| Other physical details |
ill. (some col.) ; |
| Dimensions |
28 cm. |
| 500 ## - GENERAL NOTE |
| General note |
Catalog of a traveling exhibition first shown at the National Academy of Design, New York, in 2004. |
| 504 ## - BIBLIOGRAPHY, ETC. NOTE |
| Bibliography, etc |
Includes bibliographical references (p. 125-128). |
| 600 00 - SUBJECT ADDED ENTRY--PERSONAL NAME |
| Personal name |
Christo, |
| Dates associated with a name |
1935- |
| Form subdivision |
Exhibitions. |
| 600 00 - SUBJECT ADDED ENTRY--PERSONAL NAME |
| Personal name |
Jeanne-Claude, |
| Dates associated with a name |
1935-2009 |
| Form subdivision |
Exhibitions. |
| 610 20 - SUBJECT ADDED ENTRY--CORPORATE NAME |
| Corporate name or jurisdiction name as entry element |
Museum Würth |
| Form subdivision |
Exhibitions. |
| 650 #0 - SUBJECT ADDED ENTRY--TOPICAL TERM |
| Topical term or geographic name as entry element |
Conceptual art |
| Form subdivision |
Exhibitions. |
| 650 #0 - SUBJECT ADDED ENTRY--TOPICAL TERM |
| Topical term or geographic name as entry element |
Art |
| Geographic subdivision |
Germany |
| -- |
Künzelsau |
| Form subdivision |
Exhibitions. |
| 650 #0 - SUBJECT ADDED ENTRY--TOPICAL TERM |
| Topical term or geographic name as entry element |
Artistic collaboration. |
| 700 0# - ADDED ENTRY--PERSONAL NAME |
| Personal name |
Christo, |
| Dates associated with a name |
1935- |
| 700 0# - ADDED ENTRY--PERSONAL NAME |
| Personal name |
Jeanne-Claude, |
| Dates associated with a name |
1935-2009. |
| 710 2# - ADDED ENTRY--CORPORATE NAME |
| Corporate name or jurisdiction name as entry element |
Museum Würth. |
| 710 2# - ADDED ENTRY--CORPORATE NAME |
| Corporate name or jurisdiction name as entry element |
National Academy (U.S.) |
| 856 42 - ELECTRONIC LOCATION AND ACCESS |
| Materials specified |
Contributor biographical information |
| Uniform Resource Identifier |
<a href="http://www.loc.gov/catdir/enhancements/fy0627/2005297318-b.html">http://www.loc.gov/catdir/enhancements/fy0627/2005297318-b.html</a> |
| 856 42 - ELECTRONIC LOCATION AND ACCESS |
| Materials specified |
Publisher description |
| Uniform Resource Identifier |
<a href="http://www.loc.gov/catdir/enhancements/fy0627/2005297318-d.html">http://www.loc.gov/catdir/enhancements/fy0627/2005297318-d.html</a> |
| 942 ## - ADDED ENTRY ELEMENTS (KOHA) |
| Source of classification or shelving scheme |
|
| Koha item type |
Hard Covered Materials |
| Classification part |
N7193 .C5A41 2004 |